24 Yellow Movie Posters Quiz Stats

Quiz Updated Aug 10, 2016

Challenge
Share
Tweet
Score 0/24 Timer 06:00
4 Plays Today
Movie % Correct
Kung Fu Panda 2
98.1%
Kill Bill: Vol. 1
93.2%
Stuart Little
90.1%
The Help
79.2%
Rambo: First Blood Part II
76.1%
Little Miss Sunshine
72.6%
Rush Hour
68%
National Treasure
67.3%
Megamind
65.4%
The King's Speech
59%
I Am Legend
57.5%
The Men Who Stare at Goats
51%
Movie % Correct
Meet the Robinsons
40.2%
The Prince of Egypt
39%
Dead Poets Society
36.3%
Central Intelligence
32.4%
Philomena
25.5%
Ben-Hur
24.1%
The Shining
24.1%
The Bling Ring
22.4%
Easy Rider
19%
Run, Fatboy, Run
14.8%
12 Angry Men
8.8%
Enough Said
5.9%

You're not logged in!

Compare scores with friends on all Sporcle quizzes.
Join for Free
OR
Log In

You Might Also Like...

Show Comments

Extras

Top Quizzes Today


Score Distribution

Your Account Isn't Verified!

In order to create a playlist on Sporcle, you need to verify the email address you used during registration. Go to your Sporcle Settings to finish the process.

Report this User

Report this user for behavior that violates our Community Guidelines.

Details: